000 00362nam a2200157Ia 4500
003 0STCL
008 150530s9999 xx 000 0 und d
040 _aSTCL
_cSTCL
100 _aLewis, C.S.
245 _aSpensers image of life
260 _bCambridge university
_c1967
546 _aEnglish
942 _2ddc
_cBK
999 _c52436
_d52436
005 20220125170859.0